| 000 | 00324nam a22001217a 4500 | ||
|---|---|---|---|
| 008 | 160209b xxu||||| |||| 00| 0 eng d | ||
| 020 | _a9780073406848 | ||
| 020 | _a0073406848 | ||
| 041 | _aeng | ||
| 080 | _a97:98 | ||
| 245 |
_aNation of nations _cJames West Davidson, Brian Delay, Christine Leigh Heyrman; |
||
| 942 |
_2udc _cBK |
||
| 999 |
_c1413 _d1413 |
||